00209nam a22000977a 4500008004100000082001100041245002200052260000900074300001000083440001800093180807b xxu||||| |||| 00| 0 eng d a813.52 aEval cLUNDHOLM.R c2004 a1fCD x9780072819366